MISI MIZI DALAM EPISOD : (Record no. 204166)

MARC details
000 -LEADER
fixed length control field 01020nam a2200253 i 4500
005 - DATE AND TIME OF LATEST TRANSACTION
control field 20260511163359.0
008 - FIXED-LENGTH DATA ELEMENTS--GENERAL INFORMATION
fixed length control field 260511s2025 my a br6 000 0 may d
020 ## - INTERNATIONAL STANDARD BOOK NUMBER
International Standard Book Number 9786297708331
Terms of availability RM14.00
Qualifying information paperback
040 ## - CATALOGING SOURCE
Original cataloging agency PPAK
Language of cataloging eng
Transcribing agency PPAK
Description conventions rda
082 04 - DEWEY DECIMAL CLASSIFICATION NUMBER
Edition number 23
Classification number 741.5088297
090 00 - LOCALLY ASSIGNED LC-TYPE CALL NUMBER (OCLC); LOCAL CALL NUMBER (RLIN)
Classification number (OCLC) (R) ; Classification number, CALL (RLIN) (NR) 741.5088297
Feature heading SAF
Feature heading K
100 0# - MAIN ENTRY--PERSONAL NAME
Personal name Saf,
Relator term author.
245 10 - TITLE STATEMENT
Title MISI MIZI DALAM EPISOD :
Remainder of title AL-QURAN DAN SAINS.
Number of part/section of a work #1 /
Statement of responsibility, etc. Karya SAF ; EDITOR JUNIOR: Nurul Khalisa Mohamad Nor Khalis
264 #1 - PRODUCTION, PUBLICATION, DISTRIBUTION, MANUFACTURE, AND COPYRIGHT NOTICE
Place of production, publication, distribution, manufacture Batu Caves, Selangor :
Name of producer, publisher, distributor, manufacturer PTS KOMIKM Sdn Bhd.,
Date of production, publication, distribution, manufacture, or copyright notice 2025
300 ## - PHYSICAL DESCRIPTION
Extent 105 pages :
Other physical details illustrations ;
Dimensions 20 cm
336 ## - CONTENT TYPE
Content type term text
Source rdacontent
337 ## - MEDIA TYPE
Media type term unmediated
Source rdamedia
338 ## - CARRIER TYPE
Carrier type term volume
Source rdacarrier
500 ## - GENERAL NOTE
General note Contains translations of verses from the Qur'an and quotes from the Hadith. <br/>
650 10 - SUBJECT ADDED ENTRY--TOPICAL TERM
Topical term or geographic name entry element Comic books, strips, etc.
General subdivision Islam and science
Topical term or geographic name entry element Religious life
General subdivision Islam
Form subdivision Comic books, strips, etc.
700 0# - ADDED ENTRY--PERSONAL NAME
Personal name Nurul Khalisa Mohamad Nor Khalis,
Relator term editor.
942 ## - ADDED ENTRY ELEMENTS (KOHA)
Source of classification or shelving scheme Dewey Decimal Classification
Koha item type Book

No items available.